| 000 | 00537nam a22001937a 4500 | ||
|---|---|---|---|
| 003 | KOHA_MİRAKIL | ||
| 005 | 20251224141104.0 | ||
| 008 | 251224b tu ||||| |||| 00| 0 tur d | ||
| 020 | _a9786053421931 | ||
| 040 |
_aTR-AnABB _btur _cTR-AnABB |
||
| 041 | _atur | ||
| 082 |
_a813.42 _bALT 2015 |
||
| 100 | 1 | _aAltıntaş, Hayrani, | |
| 245 | 1 | 0 |
_aSevgili Efendimiz / _cHayrani Altıntaş |
| 260 |
_aAnkara : _bAkçağ Yayınevi, _c2015 |
||
| 300 |
_a604 sayfa ; _c20 cm |
||
| 650 | 0 | 4 | _aTürk edebiyatı, roman |
| 942 |
_2ddc _cBK |
||
| 999 |
_c9925 _d9925 |
||
| 900 | _bGizem YORULMAZ | ||